000 00369nam a2200133 a 4500
005 20140414093826.0
008 090511s19uu xx 00 eng d
050 _aCDB 004
_bTEC 2008
245 _aTechFactors Inc. making learning a great experience :
_bIT project.
650 _aComputers.
650 _aInformation technology.
942 _cAVM
999 _c108440
_d108440